000 01496cam a2200349 i 4500
003 SA-RiAUC
005 20250410081203.0
008 250408s2012 ku g b f00010 ara c
020 _a9789996650529
040 _aKW-KcNLK
_bara
_cSA-RiAUC.
_dKW-KwMAI
_erda
082 0 4 _a251.22
_qSA-RiAUC
090 _a251.22
_b ا ب و ز
100 1 _aأبو زيد، وصفي عاشور،
_d1975-
_eمؤلف.
245 1 0 _aمقاصد الأحكام الفقهية :
_bتاريخها ووظائفها التربوية والدعوية /
_cوصفي عاشور أبو زيد.
250 _aالطبعة الأولى.
264 1 _aالصفاة، الكويت :
_bوزارة الأوقاف والشؤون الإسلامية، قطاع الشؤون الثقافية، إدارة الثقافة الإسلامية،
_c2012
300 _a147 صفحة ؛
_c22 سم.
336 _aنص
_btxt
_2rdacontent
_3كتاب
337 _aبدون وسيط
_bn
_2rdamedia
338 _aمجلد
_bnc
_2rdacarrier
490 1 _aروافد.
_aآفاق ؛
_v56
504 _aببليوجرافية : صفحة 135-147.
504 _aيشتمل على إرجاعات ببليوجرافية.
506 0 _aيهدى ولا يباع.
520 0 _aالأحكام الشرعية.
650 7 _aالحكم (أصول فقه)
_2aucsh
650 7 _aالأحكام الشرعية
_2aucsh
830 0 _aروافد.
_pآفاق
_v56
856 4 _uBOOKS/164
942 _2ddc
_cBOOK
_n0
949 _aSA-JeALM
_d250408
_umohamedma123
_n1
999 _c6845
_d6845